[Event "WSTCC-65 2020"]
[Site "Prague"]
[Date "2020.03.06"]
[Round "1.37"]
[White "Boidman, Yuri"]
[Black "Jones, Iolo C"]
[Result "1-0"]
[WhiteElo "2335"]
[BlackElo "2146"]
[Annotator "ChessBase"]
[PlyCount "89"]
[EventDate "2020.03.06"]
[EventType "team-tourn"]
[EventCountry "CZE"]
[SourceTitle "playchess.com"]
[Source "ChessBase"]
[SourceQuality "1"]
[TimeControl "40/5400+30:1800+30"]

1. e4 {[%emt 0:00:00]} e5 {[%emt 0:00:00]} 2. Nf3 {[%emt 0:00:00]} Nf6 {[%emt 0:00:03]} 3. Nc3 {[%emt 0:00:03]} Nc6 {[%emt 0:00:43]} 4. d4 {[%emt 0:00:08]} exd4 {[%emt 0:00:43]} 5. Nxd4 {[%emt 0:00:09]} Bb4 {[%emt 0:00:40]} 6. Nxc6 {[%emt 0:00:18]} bxc6 {[%emt 0:00:18]} 7. Bd3 {[%emt 0:00:14]} d5 {[%emt 0:01:02]} 8. exd5 {[%emt 0:00:12]} cxd5 {[%emt 0:00:21]} 9. Qe2+ {[%emt 0:00:08]} Qe7 {[%emt 0:05:57]} 10. Qxe7+ {[%emt 0:01:14]} Kxe7 {[%emt 0:02:35]} 11. O-O {[%emt 0:01:58]} c6 {[%emt 0:03:46]} 12. Ne2 {[%emt 0:00:14]} Re8 {[%emt 0:06:10]} 13. Nd4 {[%emt 0:01:39]} Bd7 {[%emt 0:02:17]} 14. Bf5 {[%emt 0:06:16]} Bc5 {[%emt 0:08:24]} 15. Bxd7 {[%emt 0:10:58]} Kxd7 {[%emt 0:00:29]} 16. Be3 {[%emt 0:14:12]} Ng4 {[%emt 0:07:01]} 17. Rad1 {[%emt 0:02:54]} f6 {[%emt 0:03:42]} 18. Bc1 {[%emt 0:02:14]} g6 {[%emt 0:05:25]} 19. h3 {[%emt 0:04:35]} Ne5 {[%emt 0:02:29]} 20. b3 {[%emt 0:00:14]} Kc7 {[%emt 0:01:58]} 21. Kh1 {[%emt 0:04:29]} Rad8 {[%emt 0:03:46]} 22. f4 {[%emt 0:03:26]} Nd7 {[%emt 0:01:02]} 23. Bb2 {[%emt 0:05:14]} f5 {[%emt 0:04:34]} 24. Rfe1 {[%emt 0:01:23]} Bxd4 {[%emt 0:00:50]} 25. Bxd4 {[%emt 0:00:24]} a6 {[%emt 0:06:03]} 26. c4 {[%emt 0:02:25]} Re4 {[%emt 0:06:08]} 27. Rxe4 {[%emt 0:03:12]} fxe4 {[%emt 0:03:20]} 28. Bc3 {[%emt 0:01:38]} Kd6 {[%emt 0:02:51]} 29. Kg1 {[%emt 0:00:52]} Ke6 {[%emt 0:01:31]} 30. Kf2 {[%emt 0:04:23]} Nc5 {[%emt 0:01:45]} 31. Rd4 {[%emt 0:07:28]} Rd7 {[%emt 0:04:12]} 32. cxd5+ {[%emt 0:01:48]} cxd5 {[%emt 0:01:42]} 33. Ke3 {[%emt 0:00:33]} Rc7 {[%emt 0:01:01]} 34. Rb4 {[%emt 0:04:07]} Rc6 {[%emt 0:01:50]} 35. Bd4 {[%emt 0:01:33]} Nd3 {[%emt 0:01:00]} 36. Rb7 {[%emt 0:00:33]} Nc1 {[%emt 0:02:15]} 37. g4 {[%emt 0:02:30]} Nxa2 {[%emt 0:01:17]} 38. Rxh7 {[%emt 0:02:51]} Nb4 {[%emt 0:01:22]} 39. Bh8 {[%emt 0:05:53]} Nc2+ {[%emt 0:01:11]} 40. Kd2 {[%emt 0:00:00]} d4 {[%emt 0:00:00]} 41. f5+ {[%emt 0:02:57]} Kd5 {[%emt 0:04:00]} 42. Rd7+ {[%emt 0:00:53]} Kc5 {[%emt 0:01:23]} 43. Kxc2 {[%emt 0:00:34]} gxf5 {[%emt 0:01:23]} 44. Bxd4+ {[%emt 0:02:43]} Kb4+ {[%emt 0:02:08]} 45. Kb2 {[%emt 0:00:23]} 1-0

[Event "WSTCC-65 2020"]
[Site "Prague"]
[Date "2020.03.06"]
[Round "1.38"]
[White "Van Kemenade, Rudy"]
[Black "Khanukov, Boris"]
[Result "0-1"]
[WhiteElo "1915"]
[BlackElo "2293"]
[Annotator "ChessBase"]
[PlyCount "72"]
[EventDate "2020.03.06"]
[EventType "team-tourn"]
[EventCountry "CZE"]
[SourceTitle "playchess.com"]
[Source "ChessBase"]
[SourceQuality "1"]
[TimeControl "40/5400+30:1800+30"]

1. e4 {[%emt 0:00:00]} c5 {[%emt 0:00:00]} 2. Nf3 {[%emt 0:00:00]} Nc6 {[%emt 0:00:00]} 3. Bb5 {[%emt 0:00:00]} e6 {[%emt 0:01:55]} 4. Bxc6 {[%emt 0:00:00]} bxc6 {[%emt 0:01:13]} 5. d3 {[%emt 0:00:14]} d5 {[%emt 0:01:40]} 6. c4 {[%emt 0:00:10]} Nf6 {[%emt 0:02:46]} 7. e5 {[%emt 0:01:21]} Nd7 {[%emt 0:00:10]} 8. Nc3 {[%emt 0:00:18]} Be7 {[%emt 0:00:38]} 9. h4 {[%emt 0:00:31]} h6 {[%emt 0:00:54]} 10. h5 {[%emt 0:00:17]} f6 {[%emt 0:11:57]} 11. Qe2 {[%emt 0:00:22]} fxe5 {[%emt 0:11:08]} 12. Nxe5 {[%emt 0:00:07]} Nxe5 {[%emt 0:00:31]} 13. Qxe5 {[%emt 0:00:08]} Bf6 {[%emt 0:00:55]} 14. Qg3 {[%emt 0:00:08]} Qe7 {[%emt 0:04:56]} 15. Bf4 {[%emt 0:03:04]} e5 {[%emt 0:04:40]} 16. Bd2 {[%emt 0:00:11]} Be6 {[%emt 0:00:40]} 17. b3 {[%emt 0:00:07]} O-O-O {[%emt 0:18:34]} 18. Rc1 {[%emt 0:04:41]} dxc4 {[%emt 0:18:23]} 19. bxc4 {[%emt 0:02:03]} Qd7 {[%emt 0:02:12]} 20. Ne4 {[%emt 0:01:32]} Bf5 {[%emt 0:11:32]} 21. Ba5 {[%emt 0:02:28]} Bxe4 {[%emt 0:00:45]} 22. Bxd8 {[%emt 0:00:10]} Rxd8 {[%emt 0:00:12]} 23. O-O {[%emt 0:01:02]} Bxd3 {[%emt 0:00:46]} 24. Rfd1 {[%emt 0:00:53]} Qf5 {[%emt 0:00:40]} 25. Rc3 {[%emt 0:00:46]} e4 {[%emt 0:01:11]} 26. Rb3 {[%emt 0:00:15]} Be5 {[%emt 0:00:37]} 27. Qe3 {[%emt 0:00:15]} Bd4 {[%emt 0:01:23]} 28. Qg3 {[%emt 0:01:01]} Be5 {[%emt 0:00:25]} 29. Qe3 {[%emt 0:00:28]} Qxh5 {[%emt 0:01:06]} 30. Rdxd3 {[%emt 0:02:44]} Rxd3 {[%emt 0:00:37]} 31. Rxd3 {[%emt 0:00:08]} exd3 {[%emt 0:00:12]} 32. Qxd3 {[%emt 0:00:14]} Bd4 {[%emt 0:00:24]} 33. Qe4 {[%emt 0:00:26]} Kd7 {[%emt 0:00:27]} 34. Qb1 {[%emt 0:00:55]} Kc7 {[%emt 0:01:04]} 35. Qe1 {[%emt 0:00:17]} Qf7 {[%emt 0:00:27]} 36. Qa5+ {[%emt 0:00:24]} Kb7 {[%emt 0:00:11]} 0-1

[Event "WSTCC-65 2020"]
[Site "Prague"]
[Date "2020.03.06"]
[Round "1.39"]
[White "Salov, Sergej"]
[Black "Bevan, Peter M"]
[Result "1-0"]
[WhiteElo "2135"]
[BlackElo "1901"]
[Annotator "ChessBase"]
[PlyCount "57"]
[EventDate "2020.03.06"]
[EventType "team-tourn"]
[EventCountry "CZE"]
[SourceTitle "playchess.com"]
[Source "ChessBase"]
[SourceQuality "1"]
[TimeControl "40/5400+30:1800+30"]

1. e4 {[%emt 0:00:00]} d5 {[%emt 0:00:00]} 2. exd5 {[%emt 0:00:00]} Qxd5 {[%emt 0:00:00]} 3. Nc3 {[%emt 0:00:01]} Qd8 {[%emt 0:00:00]} 4. d4 {[%emt 0:00:25]} c6 {[%emt 0:00:00]} 5. Ne4 {[%emt 0:02:35]} Nd7 {[%emt 0:04:43]} 6. Bc4 {[%emt 0:01:02]} Ngf6 {[%emt 0:00:33]} 7. Ng5 {[%emt 0:00:30]} e6 {[%emt 0:00:40]} 8. Qe2 {[%emt 0:00:55]} Nb6 {[%emt 0:05:32]} 9. Bd3 {[%emt 0:01:51]} Be7 {[%emt 0:06:10]} 10. N1f3 {[%emt 0:03:34]} O-O {[%emt 0:00:24]} 11. c3 {[%emt 0:01:56]} Qc7 {[%emt 0:04:43]} 12. Ne5 {[%emt 0:12:07]} Nbd5 {[%emt 0:01:37]} 13. O-O {[%emt 0:08:37]} c5 {[%emt 0:02:18]} 14. dxc5 {[%emt 0:06:45]} Bxc5 {[%emt 0:00:31]} 15. a3 {[%emt 0:01:37]} h6 {[%emt 0:10:11]} 16. Ngf3 {[%emt 0:01:55]} b6 {[%emt 0:01:49]} 17. c4 {[%emt 0:01:02]} Ne7 {[%emt 0:00:28]} 18. b4 {[%emt 0:09:00]} Bd6 {[%emt 0:00:15]} 19. Bb2 {[%emt 0:00:13]} Bb7 {[%emt 0:02:34]} 20. Rac1 {[%emt 0:01:35]} Bxf3 {[%emt 0:22:59]} 21. Nxf3 {[%emt 0:00:23]} Bf4 {[%emt 0:00:27]} 22. Rc2 {[%emt 0:00:49]} Rad8 {[%emt 0:00:18]} 23. g3 {[%emt 0:06:02]} Bd6 {[%emt 0:01:55]} 24. Nd4 {[%emt 0:18:54]} a6 {[%emt 0:01:58]} 25. c5 {[%emt 0:00:52]} bxc5 {[%emt 0:00:09]} 26. bxc5 {[%emt 0:00:06]} Be5 {[%emt 0:00:08]} 27. Nxe6 {[%emt 0:00:27]} fxe6 {[%emt 0:00:05]} 28. Bxe5 {[%emt 0:00:14]} Qa5 {[%emt 0:01:05]} 29. Bd6 {[%emt 0:01:03]} 1-0

[Event "WSTCC-65 2020"]
[Site "Prague"]
[Date "2020.03.06"]
[Round "1.40"]
[White "Lagerborg, Krister"]
[Black "Uddenfeldt, Dan"]
[Result "*"]
[WhiteElo "2144"]
[BlackElo "2320"]
[Annotator "TA"]
[PlyCount "24"]
[EventDate "2020.03.06"]
[EventType "team-tourn"]
[EventCountry "CZE"]
[SourceTitle "playchess.com"]
[Source "ChessBase"]
[SourceQuality "1"]

{[%evp 8,8,56]} 1. d4 Nf6 2. c4 d6 3. Nc3 Bf5 4. Nf3 h6 {[#] A rather calm draw.} {Predecessor:} 5. Nd2 $146 e5 6. d5 {A53: Old Indian Defence without Nf3.} e4 7. Nb3 Bh7 8. e3 Nbd7 9. Nd4 a5 10. b3 Be7 11. Bb2 O-O 12. Be2 Ne5 {1-0 (60) Postny,E (2605)-Rakhmanov,A (2645) Moscow 2019} *

[Event "WSTCC-65 2020"]
[Site "Prague"]
[Date "2020.03.06"]
[Round "1.40"]
[White "Harle, Bill"]
[Black "Gruzmann, Boris"]
[Result "0-1"]
[WhiteElo "1746"]
[BlackElo "2206"]
[Annotator "ChessBase"]
[PlyCount "44"]
[EventDate "2020.03.06"]
[EventType "team-tourn"]
[EventCountry "CZE"]
[SourceTitle "playchess.com"]
[Source "ChessBase"]
[SourceQuality "1"]
[TimeControl "40/5400+30:1800+30"]

1. d4 {[%emt 0:00:00]} Nf6 {[%emt 0:00:00]} 2. c4 {[%emt 0:00:00]} d6 {[%emt 0:00:13]} 3. Nc3 {[%emt 0:00:46]} Bf5 {[%emt 0:01:02]} 4. Nf3 {[%emt 0:01:12]} h6 {[%emt 0:03:37]} 5. g3 {[%emt 0:03:14]} Ne4 {[%emt 0:02:26]} 6. Nd2 {[%emt 0:00:29]} Nxc3 {[%emt 0:01:08]} 7. bxc3 {[%emt 0:00:02]} c5 {[%emt 0:03:59]} 8. e4 {[%emt 0:01:05]} Bd7 {[%emt 0:00:43]} 9. Bg2 {[%emt 0:01:36]} Nc6 {[%emt 0:01:04]} 10. d5 {[%emt 0:03:16]} Ne5 {[%emt 0:03:29]} 11. O-O {[%emt 0:02:23]} Qa5 {[%emt 0:04:56]} 12. f4 {[%emt 0:05:58]} Qxc3 {[%emt 0:05:52]} 13. Rb1 {[%emt 0:00:56]} Nxc4 {[%emt 0:09:37]} 14. Nb3 {[%emt 0:05:39]} b5 {[%emt 0:04:11]} 15. Rf2 {[%emt 0:07:38]} h5 16. Bf3 {[%emt 0:03:35]} h4 {[%emt 0:09:22]} 17. Rc2 {[%emt 0:01:45]} Qf6 {[%emt 0:01:16]} 18. g4 {[%emt 0:06:34]} g5 {[%emt 0:03:57]} 19. f5 {[%emt 0:03:23]} Bg7 {[%emt 0:00:37]} 20. Be2 {[%emt 0:02:00]} Nb6 {[%emt 0:02:35]} 21. Qd2 {[%emt 0:04:20]} Na4 {[%emt 0:01:58]} 22. Bb2 {[%emt 0:09:02]} Nxb2 {[%emt 0:01:05]} 0-1

[Event "WSTCC-65 2020"]
[Site "Prague"]
[Date "2020.03.06"]
[Round "1.41"]
[White "Renman, Nils-Gustaf"]
[Black "Svensson, Soren"]
[Result "*"]
[WhiteElo "2307"]
[BlackElo "1868"]
[Annotator "TA"]
[PlyCount "25"]
[EventDate "2020.03.06"]
[EventType "team-tourn"]
[EventCountry "CZE"]
[SourceTitle "playchess.com"]
[Source "ChessBase"]
[SourceQuality "1"]

{[%evp 7,7,0]} 1. e4 e5 2. Nf3 Nc6 3. Nc3 Nf6 4. Bb5 {[#] Not much happened in this game.} {Predecessor:} Bd6 $146 5. d3 h6 6. a3 {C48: Four Knights: 4 Bb5, replies other than 4...Bb4.} a6 7. Ba4 b5 8. Bb3 Bb7 9. Be3 Na5 10. Ba2 c5 11. O-O O-O 12. Re1 Nc6 13. Nd5 {1-0 (38) Yu,Y (2738)-Vidit,S (2721) Moscow 2019} *

[Event "WSTCC-65 2020"]
[Site "Prague"]
[Date "2020.03.06"]
[Round "1.41"]
[White "Lagerborg, Krister"]
[Black "Uddenfeldt, Dan"]
[Result "1-0"]
[WhiteElo "2144"]
[BlackElo "2320"]
[Annotator "TA"]
[PlyCount "149"]
[EventDate "2020.03.06"]
[EventType "team-tourn"]
[EventCountry "CZE"]
[SourceTitle "playchess.com"]
[Source "ChessBase"]
[SourceQuality "1"]

{[%evp 11,149,6,22,9,74,26,22,19,24,23,29,30,29,22,33,7,6,14,19,12,22,-15,-10,-12,20,18,15,16,18,16,18,21,17,18,26,28,45,38,31,7,8,13,22,-54,-43,-43,-45,-45,-45,-55,-58,-53,0,-51,102,0,0,0,0,0,62,20,46,8,36,6,35,35,23,6,64,8,15,16,17,17,40,29,188,185,192,191,140,8,334,327,305,261,223,44,47,44,44,44,44,8,8,8,8,8,216,216,170,170,293,8,8,8,8,8,8,8,29958,29958,29959,29960,29959,29961,29966,29967,29969,29970,29969,29970,29969,29967,29966,29963,29963,29964,29962,29963,29963,29964,29966,29966,29952,5563,4631,4627]} 1. e4 e5 2. Nf3 Nc6 3. Nc3 Nf6 4. Bb5 Bb4 5. O-O O-O 6. d3 Re8 7. Bg5 {C49: Four Knights: 4 Bb5 Bb4.} a6 (7... Bxc3 $11 8. bxc3 h6) 8. Bc4 (8. Bxf6 $5 gxf6 9. Bxc6 bxc6 10. Nh4 $14) 8... Bxc3 9. bxc3 {The position is equal.} Na5 10. Bb3 h6 11. Bh4 d6 {[#]} 12. Nd2 $146 ({Predecessor:} 12. h3 Bd7 13. Qd2 Qe7 14. c4 b6 15. c3 Nxb3 16. axb3 Qe6 17. Rfe1 Nh5 18. d4 {1-0 (60) Dinic,D (2286)-Paunovic,M (1778) Paracin 2020}) 12... c6 13. Nc4 Nxc4 14. Bxc4 b5 15. Bb3 Be6 16. Bxe6 Rxe6 17. a4 g5 18. Bg3 d5 19. f3 Nh5 20. Bf2 Nf4 21. Be3 Qd6 22. g3 Ng6 23. Qd2 d4 24. Bf2 Rf8 25. axb5 cxb5 26. cxd4 exd4 27. g4 (27. c3 $11) 27... Rc8 28. Ra2 Rf6 29. Bg3 Qe6 30. Rb2 Ne5 31. Kg2 Kh7 ({Black should try} 31... Qe7 $15) 32. h3 (32. Qb4 $11) 32... Rc6 $2 (32... Ng6 $1 $15 {keeps the upper hand.}) 33. f4 (33. Qb4 $16) 33... gxf4 $11 34. Rxf4 Rxf4 35. Qxf4 (35. Bxf4 Nxg4 $1 {[%mdl 512]} 36. Qe2 Ne3+ $1 {[%mdl 512]} 37. Bxe3 dxe3 $17) 35... Ng6 (35... Rc5 $11) 36. Qf5 Kg7 37. h4 f6 38. h5 Ne5 39. Kh3 Qxf5 40. gxf5 $14 {[%mdl 4096] Endgame KRB-KRN} Kf7 (40... Rb6 $11) 41. Bf4 (41. Bf2 $14) 41... Kg7 42. Kg3 Rc8 43. Kf2 Kh7 44. Ra2 a5 $2 (44... b4 $11 {and Black is okay.}) 45. Bxe5 $1 $18 (45. Rxa5 Rxc2+ 46. Kg3 Nxd3 $11) 45... fxe5 46. Rxa5 Rxc2+ {KR-KR} 47. Ke1 ({Better is} 47. Kg3 $16) 47... Rc5 $2 {[%mdl 8192]} (47... b4 $11) 48. Ra7+ $1 Kg8 49. Rb7 Rc1+ {[#]} 50. Kd2 $1 {[%mdl 512]} Rh1 $1 $14 51. Rxb5 Rxh5 52. Rxe5 Rh2+ 53. Kd1 h5 54. f6 {Black must now prevent Rd5.} h4 55. Rh5 {e5 is the strong threat.} Rh3 $2 (55... Rh1+ $11 56. Ke2 Rh3) 56. Kc2 $1 $18 Kf7 57. e5 $1 Re3 {[#]} (57... Rf3 {was called for.}) 58. Rh7+ $2 ({Stronger than} 58. Rxh4 Rxe5 59. Kb3 (59. Rxd4 Kxf6 60. Rh4 Re6 $11) 59... Kxf6 $11) (58. Kb3 $1 $18 {[%cal Rb3c4] aiming for Kc4.} Re2 59. Kc4 (59. Rxh4 Rxe5 60. Rf4 Rc5 $11)) 58... Kf8 $11 59. Rxh4 (59. Kb3 {seems wilder.} Rxe5 60. Kc4 Re6 61. Rxh4 Kf7 62. Kd5) 59... Rxe5 60. Rxd4 {Hoping for Rf4.} Re6 61. Rf4 Rc6+ $2 {[%mdl 8192] [#]} (61... Kf7 $11 62. Kc3 Re1) 62. Kb3 $1 Kf7 63. Kb4 Rc8 64. d4 Rc1 65. d5 Rb1+ 66. Kc5 Rc1+ 67. Kd6 Rd1 68. Rf5 Ra1 69. Kc7 Rc1+ 70. Kd7 Rc5 71. Kd6 Rc1 72. Rf2 Ra1 73. Kc7 Rc1+ 74. Kd7 Rd1 75. d6 {Accuracy: White = 67%, Black = 64%.} 1-0

[Event "WSTCC-65 2020"]
[Site "Prague"]
[Date "2020.03.06"]
[Round "1.42"]
[White "Renman, Nils-Gustaf"]
[Black "Svensson, Soren"]
[Result "1-0"]
[WhiteElo "2307"]
[BlackElo "1868"]
[Annotator "TA"]
[PlyCount "147"]
[EventDate "2020.03.06"]
[EventType "team-tourn"]
[EventCountry "CZE"]
[SourceTitle "playchess.com"]
[Source "ChessBase"]
[SourceQuality "1"]

{[%evp 13,147,13,20,24,27,24,43,37,53,16,29,14,32,24,39,11,9,12,11,10,45,5,21,-10,10,-16,19,0,0,0,23,0,79,63,136,152,170,160,160,136,145,134,183,188,212,191,211,200,187,198,300,295,289,289,456,232,464,235,227,189,261,258,258,254,247,251,366,373,383,380,379,378,370,280,372,375,362,360,335,293,288,269,285,277,267,237,264,248,957,957,947,947,920,903,906,898,846,695,1040,966,5616,5604,5421,5421,5189,4930,3590,2279,29971,29973,29971,1431,2406,1568,29981,29983,29983,29984,29981,29982,29982,29984,29984,29983,29983,29984,29983,29984,29984,29985,29985,29980,29985,29986,29977,0]} 1. d4 d5 2. c4 e6 3. Nc3 Nf6 4. Bg5 c6 5. e3 Nbd7 6. Nf3 Be7 7. Qc2 b6 8. cxd5 {D53: Queen's Gambit Declined: 4 Bg5 Be7: Early deviations.} exd5 9. Bd3 Bb7 10. O-O {White is slightly better.} O-O 11. Ne5 h6 12. Nxd7 Nxd7 13. Bf4 Nf6 {[#]} 14. Qe2 $146 ({Predecessor:} 14. Rad1 Bd6 15. Ne2 Re8 16. Rfe1 Bxf4 17. Nxf4 Qd6 18. Bf1 Re7 19. a3 c5 20. dxc5 bxc5 {1-0 (45) Stanisz,P (2120)-Page,R (1914) Crawley 2016}) 14... Bd6 15. Qf3 Bxf4 16. Qxf4 Qb8 17. Qh4 Qd6 18. Rad1 Rfe8 19. Rfe1 Re7 20. f3 Rae8 21. Qf2 Qd7 22. h3 a6 (22... c5 $11) 23. e4 $16 Qc7 (23... Nh5 $14) 24. e5 Nd7 25. f4 c5 26. Bb1 cxd4 27. Rxd4 Qc5 28. Red1 f6 29. Nxd5 Bxd5 30. Rxd5 {[%mdl 64] Double Attack} Qxf2+ 31. Kxf2 Nc5 (31... Nf8 $142 32. Rd6 fxe5) 32. Bg6 $18 Rf8 33. Rd8 {Threatening mate with Rxf8+.} Nb7 (33... Rc7 $142 34. exf6 gxf6) 34. Rxf8+ Kxf8 35. exf6 (35. Rc1 $142 {Intending Rc8+ and mate.} Nd8 36. Rc8 $1 {[%mdl 512]}) 35... gxf6 {[%mdl 4096] Endgame KRB-KRN} 36. b4 Kg7 (36... a5 {keeps fighting.} 37. bxa5 Kg7) 37. Bf5 a5 38. a3 Kf8 39. Kf3 Rc7 (39... axb4 {is a better defense.} 40. axb4 Re8) 40. Kg4 Ke7 41. Re1+ Kf7 42. Re6 b5 43. Rb6 axb4 44. axb4 Ke7 45. Re6+ ({Less strong is} 45. Rxb5 Nd6 $18) 45... Kf7 46. Ra6 Nd8 47. Be4 Ke7 48. Kf5 Rc4 49. Ra7+ Kd6 50. Rh7 Nc6 $2 (50... Rxb4 51. Rxh6 Rd4 52. Rxf6+ Kc5) 51. Bxc6 $1 Kxc6 52. Rxh6 Rxb4 53. Rxf6+ {KR-KR} Kc5 54. h4 Rd4 55. Rf8 b4 56. Rb8 Kc4 57. h5 Rd5+ 58. Kg4 Rd2 59. g3 b3 60. h6 Rd7 61. Kg5 Kc3 62. f5 (62. Kg6 $142 b2 63. h7 Rd8 {[#]} 64. Rxb2 $1 {[%mdl 576] Promotion} (64. Rxd8 b1=Q+ 65. Kg7 Qb7+ 66. Kg8 Qb3+ 67. Kg7 Qb7+ 68. Kg8 Qb3+ 69. Kf8 Qb4+ 70. Kg8 Qb3+ $11) 64... Kxb2 65. f5 Kc3 66. f6 Kd3 67. Kg7) 62... b2 63. f6 Rd8 {[#]} 64. Rxb2 $1 {[%mdl 512] White mates.} Rg8+ (64... Kxb2 65. h7) 65. Kf5 Kxb2 66. f7 Rxg3 {KR-KPP} 67. h7 Rh3 68. Kg6 Rg3+ 69. Kf6 Rf3+ 70. Ke6 Re3+ 71. Kd5 Rd3+ 72. Ke4 Rd8 73. Kf5 Kc3 74. Ke4 $2 {[%mdl 32768] Accuracy: White = 78%, Black = 60%. . Sensor Board Error (Ke4/e5)?} (74. Kg6 {mates} Rd6+ 75. Kg7 Rd1 76. h8=Q Rg1+ 77. Kh7+ Kc4 78. f8=Q Rh1+ 79. Kg8) 1-0

[Event "WSTCC-65 2020"]
[Site "Prague"]
[Date "2020.03.06"]
[Round "1.43"]
[White "Olsson, Torgny"]
[Black "Wahlbom, Magnus"]
[Result "0-1"]
[WhiteElo "1800"]
[BlackElo "2176"]
[Annotator "TA"]
[PlyCount "112"]
[EventDate "2020.03.06"]
[EventType "team-tourn"]
[EventCountry "CZE"]
[SourceTitle "playchess.com"]
[Source "ChessBase"]
[SourceQuality "1"]

{[%evp 13,112,5,19,26,24,13,6,22,20,8,31,10,10,10,1,2,37,0,40,1,33,-4,56,20,50,27,54,62,64,32,70,68,39,0,0,0,0,0,0,-39,26,0,6,0,0,0,0,0,0,-12,-12,-81,-85,-129,-130,-122,-122,-122,-116,-116,-120,-112,-125,-122,-131,-368,-387,-380,-377,-375,-375,-373,-236,-388,-361,-345,-347,-336,-331,-709,-311,-482,-479,-477,-475,-29991,-29989,-29991,-29992,-29992,-29993,-29993,-29992,-29992,-29991,-29991,-29992,-29992,-29993,-29993,-29987]} 1. d4 Nf6 2. Bf4 e6 3. e3 d5 4. Nf3 c5 5. c3 Nc6 6. Nbd2 Be7 7. Bd3 Qb6 {7...Nh5 is becoming the main line.} 8. Rb1 {D02: 1 d4 d5 2 Nf3 sidelines, including 2...Nf6 3 g3 and 2...Nf6 3 Bf4.} Nh5 9. Be5 Nxe5 10. Nxe5 {The position is equal.} Nf6 11. O-O {[#]} (11. Qa4+ {seems wilder.} Nd7 12. Bb5 Qc7 13. Ke2 a6 14. Bxd7+ Bxd7 15. Qxd7+ Qxd7 16. Nxd7 Kxd7 17. dxc5 Bxc5 18. c4) 11... Bd7 $146 (11... O-O {feels hotter.} 12. Qf3 Bd7 13. Rfc1 Bd6 14. Nxd7 Nxd7 15. e4 cxd4 16. exd5 Ne5) ({Predecessor:} 11... g6 12. f4 O-O 13. Qf3 Nd7 14. Qh3 f5 15. g4 Nxe5 16. fxe5 Rf7 17. Nf3 Bd7 18. gxf5 exf5 {1-0 (61) Yuksel,M (2021)-Erdem,H (1439) Kemer 2012}) 12. Nxd7 (12. g4 {looks sharper.} cxd4 13. g5 dxe3 14. gxf6 gxf6 15. Nxd7 Kxd7 16. Nf3) 12... Nxd7 13. f4 g6 14. Nf3 O-O 15. Qe2 Rfd8 16. Qf2 Qc7 17. Ne5 Bf6 (17... Rf8 $11) 18. g4 Bg7 19. g5 c4 20. Bc2 b5 21. h4 Rab8 22. h5 b4 {[%cal Rd7e5]} 23. hxg6 hxg6 24. cxb4 Rxb4 {[%cal Rd7e5]} 25. Kg2 Rdb8 {[%cal Rd7e5]} 26. b3 R4b7 ({Better is} 26... Nxe5 $15 27. fxe5 a5) 27. Nxd7 (27. Ng4 {with more complications.} Qa5 28. Kg3 Qa3 29. Rh1 cxb3 30. axb3 Rc7 31. Rbd1) 27... Qxd7 28. bxc4 Rxb1 29. Rxb1 Rxb1 30. Bxb1 Qb7 31. Qc2 dxc4+ 32. Qe4 {[#]} (32. Kg3 $11) 32... Qb4 $1 $17 33. Kf2 Qd2+ 34. Kf3 Qd1+ 35. Kf2 {[#]} Bf8 $1 {[%cal Rf8b4] And now ...Bb4 would win.} 36. Qc2 Qh1 {White must now prevent ...Bb4.} 37. Qe4 Qh4+ 38. Kg2 Qe1 39. Kf3 $2 {Now White is beyond hope.} (39. a3 $17 {was called for.}) 39... Qf1+ $19 40. Kg4 Bb4 41. Qa8+ Kg7 42. Qe4 Qg1+ 43. Kf3 $2 (43. Kh3) 43... Qd1+ 44. Kg2 Qe2+ 45. Kh3 Kh7 {Strongly threatening ...Be1.} 46. Bc2 $2 (46. Qb7 Qxe3+ {[%mdl 64] Double Attack} 47. Kg4 Qg1+ {[%mdl 64] Double Attack} 48. Kh3 Qf1+ 49. Kg4 Qd1+ 50. Kh3 Qh5+ 51. Kg2 Qg4+ 52. Kh1 Qh3+ 53. Kg1 Qg3+ 54. Kh1 Qh3+ 55. Kg1 Qe3+ 56. Kg2 Qd2+ 57. Kg3 Qe1+ 58. Kg2 Qe2+ 59. Kh3 Qh5+ 60. Kg2 Qg4+ 61. Kh1 Qh3+) 46... Bd2 (46... Be1 $142 {( -> ...Qf2)} 47. Qb7 Qxe3+ {[%mdl 64] Double Attack} 48. Kg2 Qf2+ 49. Kh1 Qf1+ 50. Kh2 Qxf4+ {[%mdl 64] Double Attack} 51. Kg2 Qd2+ 52. Kh1 Kg7) 47. Qb7 (47. f5 $142 gxf5 48. g6+ Kxg6 49. Qg2+ Qxg2+ 50. Kxg2 Bxe3 51. Ba4) 47... Qxe3+ 48. Kg2 Qxf4 49. Qxa7 (49. Bd1 $19) 49... Qxg5+ {Black mates.} 50. Kh3 Qe3+ 51. Kg2 Qe2+ 52. Kh3 Qf3+ 53. Kh2 Bf4+ 54. Kg1 Be3+ 55. Kh2 Qf2+ 56. Kh3 Bxd4 {Accuracy: White = 57%, Black = 71%.} 0-1

[Event "WSTCC-65 2020"]
[Site "Prague"]
[Date "2020.03.06"]
[Round "1.44"]
[White "Hammar, Bengt"]
[Black "Andersson, Erik"]
[Result "1-0"]
[WhiteElo "2142"]
[BlackElo "1607"]
[Annotator "ChessBase"]
[PlyCount "57"]
[EventDate "2020.03.06"]
[EventType "team-tourn"]
[EventCountry "CZE"]
[SourceTitle "playchess.com"]
[Source "ChessBase"]
[SourceQuality "1"]
[TimeControl "40/5400+30:1800+30"]

1. e4 {[%emt 0:00:00]} c6 {[%emt 0:00:00]} 2. d4 {[%emt 0:00:37]} d5 {[%emt 0:00:00]} 3. exd5 {[%emt 0:02:29]} cxd5 {[%emt 0:00:08]} 4. c4 {[%emt 0:00:14]} Nf6 {[%emt 0:00:52]} 5. Nc3 {[%emt 0:00:27]} e6 {[%emt 0:02:10]} 6. Nf3 {[%emt 0:03:53]} Be7 {[%emt 0:01:17]} 7. Bd3 {[%emt 0:01:22]} dxc4 {[%emt 0:03:30]} 8. Bxc4 {[%emt 0:00:22]} O-O {[%emt 0:01:05]} 9. O-O {[%emt 0:00:29]} a6 {[%emt 0:05:24]} 10. a4 {[%emt 0:05:22]} Qc7 {[%emt 0:09:52]} 11. Qe2 {[%emt 0:02:00]} h6 {[%emt 0:12:07]} 12. Ne5 {[%emt 0:12:55]} Nc6 {[%emt 0:04:45]} 13. Rd1 {[%emt 0:02:58]} Bd6 {[%emt 0:04:23]} 14. f4 {[%emt 0:04:57]} Nb4 {[%emt 0:06:26]} 15. Bb3 {[%emt 0:11:13]} Nbd5 {[%emt 0:05:53]} 16. Nxd5 {[%emt 0:02:01]} exd5 {[%emt 0:02:26]} 17. Qd3 {[%emt 0:01:31]} Re8 {[%emt 0:05:58]} 18. Be3 {[%emt 0:02:08]} g6 {[%emt 0:03:11]} 19. Rac1 {[%emt 0:10:31]} Qe7 {[%emt 0:00:14]} 20. Bf2 {[%emt 0:00:39]} Bf5 {[%emt 0:02:09]} 21. Qf3 {[%emt 0:00:52]} Be4 {[%emt 0:07:42]} 22. Qh3 {[%emt 0:05:58]} Kg7 {[%emt 0:01:35]} 23. Bh4 {[%emt 0:01:34]} Bf5 {[%emt 0:05:04]} 24. Qf3 {[%emt 0:02:17]} Be4 {[%emt 0:01:39]} 25. Qf2 {[%emt 0:01:39]} Qe6 {[%emt 0:00:45]} 26. h3 {[%emt 0:00:35]} h5 {[%emt 0:02:48]} 27. Rc3 {[%emt 0:05:09]} Ng8 {[%emt 0:01:11]} 28. Re3 {[%emt 0:01:37]} Ne7 {[%emt 0:00:27]} 29. Rxe4 {[%emt 0:00:22]} 1-0